World Capitals with Tropical Climates - Statistics

General Stats
  • This quiz has been taken 69 times
  • The average score is 45 of 73
Answer Stats
Capital City % Correct
Brasília
83%
Havana
83%
Caracas
80%
Panama City
80%
Brazzaville
78%
Jakarta
78%
Kuala Lumpur
78%
Malé
78%
Singapore
78%
Bangkok
75%
Georgetown
75%
Kingston
75%
Kingstown
75%
Kinshasa
75%
Port-au-Prince
75%
Port Moresby
73%
Abuja
70%
Guatemala City
70%
Lomé
70%
Managua
70%
San José
70%
Bridgetown
68%
Dili
68%
Paramaribo
68%
Santo Domingo
68%
Tegucigalpa
68%
Belmopan
65%
Dhaka
65%
Freetown
65%
Manila
65%
Nassau
65%
Phnom Penh
65%
Vientiane
65%
Apia
63%
Kigali
63%
Monrovia
63%
Port-of-Spain
63%
Saint George's
63%
San Salvador
63%
São Tomé
63%
Bandar Seri Begawan
60%
Bangui
60%
Libreville
60%
Naypyidaw
60%
Porto-Novo
60%
Suva
60%
Conakry
58%
Kampala
58%
Maputo
58%
Victoria
58%
Yamoussoukro
55%
Yaoundé
55%
Bissau
53%
Nukuʻalofa
53%
Port Vila
53%
Castries
50%
Juba
50%
Malabo
50%
Moroni
50%
Roseau
50%
Saint John's
50%
Sri Jayawardenepura Kotte
50%
Yaren
50%
Funafuti
48%
Majuro
48%
Ngerulmud
48%
South Tarawa
48%
Basseterre
45%
Banjul
43%
Honiara
43%
Palikir
43%
Bamako
38%
Cotonou
20%
No matching quizzes found
Score Distribution
Percent of People with Each Score
Percentile by Number Answered
Your Score History
You have not taken this quiz